00349 2200145 4500245006200000250001100062100002300073650001600096650001700112005001900129260001800148041001400166084001400180336000900194 aKisah Hidup yang Tak TerlupakancAndina Ayu LestarihText aCet. 1 aAndina Ayu Lestari aKarya Siswa aAutobiografi a20250520104056 aJakartac2025 aIndonesia a081 AND k atext